Normal view MARC view

Entry Personal Name

Number of records used in: 1

001 - CONTROL NUMBER

  • control field: 1235737

003 - CONTROL NUMBER IDENTIFIER

  • control field: OSt

005 - DATE AND TIME OF LATEST TRANSACTION

  • control field: 20260427112020.0

008 - FIXED-LENGTH DATA ELEMENTS

  • fixed length control field: 260427|| aca||aabn | a|a d

040 ## - CATALOGING SOURCE

  • Original cataloging agency: OSt
  • Transcribing agency: OSt

100 ## - HEADING--PERSONAL NAME

  • Personal name: Sharma,Raj Kishore, Ed

670 ## - SOURCE DATA FOUND

  • Source citation: Work cat.: (OSt)1848556: Sharma,Raj Kishore, Ed., Gurukula & the vedic tradition , Vidya bharti ,Uchcha shiksha sansthan, Noida
Copyright @ Delhi University Library System